[Event "CAN-ch"]
[Site "Guelph CAN"]
[Date "2015.07.10"]
[Round "1"]
[White "Jung, Hans"]
[Black "Hansen, Eric"]
[Result "0-1"]
[WhiteElo "2166"]
[BlackElo "2583"]
[PlyCount "48"]
[GameId "2160767908870967"]
[EventDate "2015.07.10"]
[EventType "swiss"]
[EventRounds "9"]
[EventCountry "CAN"]
[SourceTitle "CBM 167 Extra"]
[Source "ChessBase"]
[SourceDate "2015.09.14"]
[SourceVersion "1"]
[SourceVersionDate "2015.09.14"]
[SourceQuality "1"]

1. Nc3 d5 2. e4 d4 3. Nce2 e5 4. Ng3 Be6 5. Be2 Nc6 6. d3 g6 7. Bg4 Bb4+ 8. Kf1 Bxg4 9. Qxg4 Be7 10. f4 h5 11. Qd1 Qd7 12. Nf3 Nf6 13. Ne2 O-O-O 14. a3 h4 15. b4 h3 16. g3 a6 17. Qd2 Ng4 18. Qe1 f5 19. Neg1 Rde8 20. Ng5 Bxg5 21. fxg5 fxe4 22. dxe4 Rhf8+ 23. Bf4 Ne3+ 24. Ke2 Nxc2 0-1

[Event "CAN-ch"]
[Site "Guelph CAN"]
[Date "2015.07.11"]
[Round "2.3"]
[White "Hansen, Eric"]
[Black "Humphreys, Michael"]
[Result "1-0"]
[WhiteElo "2630"]
[BlackElo "2348"]
[PlyCount "73"]
[GameId "2160767738660385"]
[EventDate "2015.07.10"]
[EventType "swiss"]
[EventRounds "9"]
[EventCountry "CAN"]
[TimeControl "40/5400+30:1800+30"]

1. e4 e6 2. d4 d5 3. Nc3 Nf6 4. Bg5 Bb4 5. e5 h6 6. Bc1 Ne4 7. Nge2 Nxc3 8. Nxc3 c5 9. a3 Bxc3+ 10. bxc3 Qa5 11. Bd2 Qa4 12. Bd3 c4 13. Bf1 Ke7 14. Qg4 Kf8 15. Ra2 Nc6 16. Be2 Bd7 17. h4 Ne7 18. h5 Rc8 19. O-O f5 20. Qh4 Be8 21. Rb1 Qd7 22. a4 b6 23. a5 b5 24. a6 g5 25. hxg6 Nxg6 26. Qh3 Qg7 27. Bh5 Kg8 28. f3 Bd7 29. Kf2 Ne7 30. Rab2 Kh7 31. Rh1 Ng8 32. Rbb1 Qf8 33. g4 fxg4 34. Bxg4 Re8 35. Rbg1 Re7 36. Bc1 Re8 37. Bh5 1-0

[Event "CAN-ch"]
[Site "Guelph CAN"]
[Date "2015.07.11"]
[Round "3.2"]
[White "Peredun, Andrew"]
[Black "Hansen, Eric"]
[Result "1/2-1/2"]
[WhiteElo "2406"]
[BlackElo "2630"]
[PlyCount "32"]
[GameId "2160767908870992"]
[EventDate "2015.07.10"]
[EventType "swiss"]
[EventRounds "9"]
[EventCountry "CAN"]

1. d4 Nf6 2. c4 g6 3. Nc3 d5 4. Bf4 Bg7 5. e3 c5 6. dxc5 Qa5 7. Rc1 Ne4 8. cxd5 Nxc3 9. Qd2 Nd7 10. Ne2 Nxc5 11. Nxc3 O-O 12. Be2 Bd7 13. O-O Rac8 14. e4 Bxc3 15. Qxc3 Qxc3 16. Rxc3 Nxe4 1/2-1/2

[Event "CAN-ch"]
[Site "Guelph CAN"]
[Date "2015.07.12"]
[Round "4.2"]
[White "Hansen, Eric"]
[Black "Cao, Jason"]
[Result "1-0"]
[WhiteElo "2630"]
[BlackElo "2439"]
[PlyCount "103"]
[GameId "2160767738660407"]
[EventDate "2015.07.10"]
[EventType "swiss"]
[EventRounds "9"]
[EventCountry "CAN"]
[TimeControl "40/5400+30:1800+30"]

1. e4 c5 2. Nf3 d6 3. Bb5+ Nd7 4. O-O Ngf6 5. Re1 a6 6. Bf1 b6 7. c3 Bb7 8. d3 e6 9. Nbd2 Be7 10. d4 cxd4 11. cxd4 O-O 12. b3 Rc8 13. Bb2 Qc7 14. Bd3 Qb8 15. Nf1 e5 16. Ng3 Rfe8 17. d5 Nc5 18. Bf1 b5 19. a4 b4 20. a5 Rc7 21. Nd2 Bc8 22. Nc4 Bg4 23. f3 Bd7 24. Bc1 Bb5 25. Nf5 Bxc4 26. Bxc4 Bf8 27. Ne3 g6 28. Nc2 h5 29. Bd2 Rb7 30. Rf1 Kh7 31. Qe1 Bh6 32. Bxb4 Rc8 33. Kh1 Nfd7 34. Rb1 Qc7 35. Qe2 Rcb8 36. Bxc5 Nxc5 37. b4 Na4 38. Rb3 Bd2 39. Ra1 Rc8 40. Bxa6 Qxc2 41. Bxb7 Nc3 42. Qf1 Rb8 43. Rxc3 Bxc3 44. Rc1 Qd2 45. a6 Bd4 46. b5 Rf8 47. Qe1 Qd3 48. Bc6 f5 49. Rd1 Qc4 50. exf5 Rxf5 51. Rxd4 Qxd4 52. Qg1 1-0

[Event "CAN-ch"]
[Site "Guelph CAN"]
[Date "2015.07.12"]
[Round "5.2"]
[White "Preotu, Razvan"]
[Black "Hansen, Eric"]
[Result "1/2-1/2"]
[WhiteElo "2636"]
[BlackElo "2630"]
[PlyCount "144"]
[GameId "2160767908879205"]
[EventDate "2015.07.10"]
[EventType "swiss"]
[EventRounds "9"]
[EventCountry "CAN"]

1. e4 e5 2. Nf3 Nc6 3. Bb5 a6 4. Ba4 Nf6 5. O-O Be7 6. Re1 b5 7. Bb3 d6 8. c3 O-O 9. h3 Nb8 10. d4 Nbd7 11. Nbd2 Bb7 12. Bc2 Re8 13. Nf1 Bf8 14. Ng3 g6 15. a4 c5 16. d5 c4 17. Bg5 Nc5 18. Qd2 Be7 19. Ra3 Nfd7 20. h4 bxa4 21. Bxa4 Nxa4 22. Rxa4 a5 23. Rd1 Ba6 24. Bxe7 Rxe7 25. Qh6 Nc5 26. Ra2 Bb5 27. Qg5 Re8 28. Nh2 f6 29. Qh6 Qe7 30. Ng4 Qg7 31. Qxg7+ Kxg7 32. Ne3 Rf8 33. f3 Nb3 34. Ngf1 f5 35. exf5 gxf5 36. Nd2 Nxd2 37. Rxd2 f4 38. Ng4 Bd7 39. Nf2 Kf7 40. Ne4 Ke7 41. Kf2 a4 42. Ra1 Ra5 43. Rg1 Bf5 44. Ke2 Bg6 45. g4 fxg3 46. Nxg3 Bd3+ 47. Ke3 Rxd5 48. Nh5 Ra5 49. Rg7+ Rf7 50. Rxf7+ Kxf7 51. f4 a3 52. bxa3 Rxa3 53. fxe5 dxe5 54. Rf2+ Kg6 55. Nf6 Rxc3 56. h5+ Kg7 57. h6+ Kg6 58. Ne4 Ra3 59. Rf6+ Kh5 60. Rf5+ Kxh6 61. Rxe5 Kg6 62. Rg5+ Kf7 63. Kd4 h6 64. Rg3 Ra6 65. Nc5 Rd6+ 66. Ke5 Rd8 67. Ne6 Rg8 68. Rf3+ Ke7 69. Nf4 Rg5+ 70. Kd4 Rg4 71. Ke5 Rg5+ 72. Kd4 Rg4 1/2-1/2

[Event "CAN-ch"]
[Site "Guelph CAN"]
[Date "2015.07.13"]
[Round "6.2"]
[White "Hansen, Eric"]
[Black "Gerzhoy, Leonid"]
[Result "1/2-1/2"]
[WhiteElo "2630"]
[BlackElo "2538"]
[PlyCount "63"]
[GameId "2160767738660432"]
[EventDate "2015.07.10"]
[EventType "swiss"]
[EventRounds "9"]
[EventCountry "CAN"]
[TimeControl "40/5400+30:1800+30"]

1. c4 c5 2. Nf3 g6 3. e4 Nc6 4. d4 cxd4 5. Nxd4 Nf6 6. Nc3 d6 7. Be2 Nxd4 8. Qxd4 Bg7 9. Be3 O-O 10. Qd2 Qa5 11. Rc1 Be6 12. f3 Rfc8 13. b3 a6 14. Na4 Qxd2+ 15. Kxd2 Nd7 16. g4 f5 17. gxf5 gxf5 18. Rhg1 Kh8 19. Nc3 fxe4 20. fxe4 Be5 21. Nd5 Bxd5 22. exd5 Rg8 23. h3 Rxg1 24. Rxg1 b5 25. a3 bxc4 26. Bxc4 a5 27. a4 Nc5 28. Kc2 Rc8 29. Rg4 Nd7 30. Rg1 Nc5 31. Rg4 Nd7 32. Rg1 1/2-1/2

[Event "CAN-ch"]
[Site "Guelph CAN"]
[Date "2015.07.14"]
[Round "7.1"]
[White "Hansen, Eric"]
[Black "Sambuev, Bator"]
[Result "1/2-1/2"]
[WhiteElo "2630"]
[BlackElo "2642"]
[PlyCount "169"]
[GameId "2160767908879226"]
[EventDate "2015.07.10"]
[EventType "swiss"]
[EventRounds "9"]
[EventCountry "CAN"]

1. e4 e5 2. Nf3 d6 3. d4 Nf6 4. Nc3 Nbd7 5. Bc4 Be7 6. O-O O-O 7. a4 a5 8. h3 c6 9. Re1 Re8 10. Be3 exd4 11. Bxd4 h6 12. e5 dxe5 13. Nxe5 Nxe5 14. Rxe5 Bf8 15. Rxe8 Nxe8 16. Qh5 Nd6 17. Bb3 Qg5 18. Qxg5 hxg5 19. Rd1 Nf5 20. Bb6 Be7 21. Ne4 Kf8 22. g4 Nh4 23. Nd6 Nf3+ 24. Kg2 Ne5 25. Nxc8 Rxc8 26. Bxa5 Ke8 27. Bc3 f6 28. Be6 Ra8 29. b3 Ng6 30. Bc4 Bd8 31. Bf1 Nh4+ 32. Kh1 Bb6 33. Be1 Bc7 34. Bb4 Be5 35. Bd3 Rd8 36. Be2 Ra8 37. Bd3 Rd8 38. Kg1 Rd4 39. c3 Rd8 40. Kf1 b6 41. a5 bxa5 42. Bxa5 Rd5 43. Bb4 Kd8 44. c4 Rd7 45. Be2 Rxd1+ 46. Bxd1 Ng6 47. Bf3 Kc7 48. Ba5+ Kd7 49. Be4 Nf4 50. Bf5+ Ke7 51. Bb4+ Bd6 52. c5 Be5 53. Be4 Kd7 54. Bd2 Nxh3 55. b4 Nf4 56. Ke1 Bd4 57. f3 Be5 58. Kd1 Ng2 59. Kc2 Nh4 60. Kd3 g6 61. Ke2 Kc7 62. Kf2 Kd7 63. Be1 Kc7 64. Bd2 Kd7 65. Bb1 Kc7 66. Be1 Kd7 67. Bd3 Kd8 68. Be2 Kd7 69. Kf1 Kd8 70. Bd2 Kd7 71. Ke1 Ng2+ 72. Kd1 Bf4 73. Bd3 Bxd2 74. Kxd2 Nh4 75. Ke3 Ke6 76. Kf2 f5 77. Kg3 f4+ 78. Kf2 Kd5 79. Be2 Kd4 80. Bf1 Kd5 81. Ba6 Kd4 82. Bb7 Kc3 83. Bxc6 Kxb4 84. Be4 Kxc5 85. Bb7 1/2-1/2

[Event "CAN-ch"]
[Site "Guelph CAN"]
[Date "2015.07.15"]
[Round "8.3"]
[White "Krnan, Tomas"]
[Black "Hansen, Eric"]
[Result "1/2-1/2"]
[WhiteElo "2557"]
[BlackElo "2630"]
[PlyCount "112"]
[GameId "2160767738660452"]
[EventDate "2015.07.10"]
[EventType "swiss"]
[EventRounds "9"]
[EventCountry "CAN"]
[TimeControl "40/5400+30:1800+30"]

1. e4 c5 2. Nf3 d6 3. Bb5+ Nd7 4. d4 cxd4 5. Qxd4 a6 6. Be2 Ngf6 7. O-O g6 8. Nc3 Bg7 9. Rd1 O-O 10. e5 Nh5 11. Qh4 dxe5 12. Bg5 Nhf6 13. Bh6 Bxh6 14. Qxh6 Ng4 15. Qh4 Ngf6 16. Qh6 Ng4 17. Qg5 Ngf6 18. Nxe5 Qc7 19. Nc4 b5 20. Ne3 Bb7 21. Rd4 Rfc8 22. a4 Nf8 23. Rh4 bxa4 24. Rc4 Qd8 25. Rcxa4 Rab8 26. Bc4 e6 27. Rd1 N8d7 28. Bb3 Qf8 29. Rad4 Rc5 30. Qh4 Bc6 31. Rc4 Rxc4 32. Qxc4 Nc5 33. Qd4 Qe7 34. Bc4 a5 35. b3 h5 36. Qe5 Rc8 37. Ra1 Ncd7 38. Qg5 a4 39. Ne2 axb3 40. cxb3 Qc5 41. Qxc5 Nxc5 42. b4 Nce4 43. Nd4 Bd7 44. Bf1 Rb8 45. b5 Nd6 46. Rd1 Rb6 47. Ra1 Rb7 48. Nc4 Nxc4 49. Bxc4 Ne4 50. Be2 e5 51. Nc6 Bxc6 52. bxc6 Rc7 53. Bf3 Nf6 54. Re1 e4 55. Bxe4 Nxe4 56. Rxe4 Rxc6 1/2-1/2

[Event "CAN-ch"]
[Site "Guelph CAN"]
[Date "2015.07.16"]
[Round "9.2"]
[White "Noritsyn, Nikolay"]
[Black "Hansen, Eric"]
[Result "0-1"]
[WhiteElo "2586"]
[BlackElo "2630"]
[PlyCount "70"]
[GameId "2160767908879255"]
[EventDate "2015.07.10"]
[EventType "swiss"]
[EventRounds "9"]
[EventCountry "CAN"]

1. d4 Nf6 2. Nf3 g6 3. Bg5 Bg7 4. Nbd2 O-O 5. c3 d6 6. e4 Nc6 7. Bb5 a6 8. Ba4 b5 9. Bb3 h6 10. Bh4 Qe8 11. a4 Na5 12. Bc2 b4 13. O-O bxc3 14. bxc3 e5 15. Re1 Nd7 16. Nb3 Nxb3 17. Bxb3 a5 18. Rb1 Nb6 19. dxe5 dxe5 20. c4 Nd7 21. Qd5 Nb6 22. Qc5 Bg4 23. Qxc7 Nxa4 24. Be7 Rc8 25. Qd6 Bxf3 26. gxf3 Nc5 27. Bc2 Rc6 28. Qd5 Qxe7 29. Qxc6 Ne6 30. Bd1 Rd8 31. Be2 Rd2 32. Rb8+ Bf8 33. Qe8 Qg5+ 34. Kh1 Rxe2 35. Rg1 Qh5 0-1

[Event "CAN-op"]
[Site "Montreal CAN"]
[Date "2014.07.19"]
[Round "1"]
[White "Hansen, Eric"]
[Black "Gentes, Kevin"]
[Result "1-0"]
[WhiteElo "2596"]
[BlackElo "2261"]
[PlyCount "65"]
[GameId "2160767909061242"]
[EventDate "2014.07.19"]
[EventType "swiss"]
[EventRounds "9"]
[EventCountry "CAN"]
[SourceTitle "CBM 161 Extra"]
[Source "ChessBase"]
[SourceDate "2014.08.29"]
[SourceVersion "1"]
[SourceVersionDate "2014.08.29"]
[SourceQuality "1"]

1. e4 e5 2. Nf3 Nc6 3. Bb5 a6 4. Ba4 Nf6 5. d3 d6 6. c4 Be7 7. h3 Nd7 8. Be3 O-O 9. Nc3 Nc5 10. Bxc6 bxc6 11. Bxc5 dxc5 12. Nxe5 Bf6 13. Nf3 Bxc3+ 14. bxc3 Qf6 15. Rc1 Qg6 16. g4 f5 17. gxf5 Bxf5 18. Rg1 Qe8 19. Rg3 Bg6 20. Qd2 Bh5 21. Nh4 Qf7 22. Rg5 Rad8 23. Rf5 Qe8 24. Qe3 Rxf5 25. Nxf5 Bg6 26. Kd2 Qf8 27. Ng3 Bf7 28. Kc2 Be6 29. Nf1 Qe7 30. Nd2 Rf8 31. f4 g6 32. Rf1 Qh4 33. Rf3 1-0

[Event "CAN-op"]
[Site "Montreal CAN"]
[Date "2014.07.20"]
[Round "2"]
[White "Perez Rodriguez, Luis Manuel"]
[Black "Hansen, Eric"]
[Result "1/2-1/2"]
[WhiteElo "2387"]
[BlackElo "2596"]
[PlyCount "87"]
[GameId "2160767909061266"]
[EventDate "2014.07.19"]
[EventType "swiss"]
[EventRounds "9"]
[EventCountry "CAN"]
[SourceTitle "CBM 161 Extra"]
[Source "ChessBase"]
[SourceDate "2014.08.29"]
[SourceVersion "1"]
[SourceVersionDate "2014.08.29"]
[SourceQuality "1"]

1. e4 c5 2. Nf3 d6 3. d4 cxd4 4. Nxd4 Nf6 5. Nc3 Nc6 6. Bc4 Qb6 7. Nb3 e6 8. Be3 Qc7 9. f4 a6 10. Bd3 b5 11. a3 Bb7 12. O-O Be7 13. Qf3 h5 14. Kh1 g6 15. Qh3 Rd8 16. Rae1 Ng4 17. Bg1 Bf6 18. Nd1 b4 19. a4 Bg7 20. f5 Nce5 21. Nd4 Nxd3 22. cxd3 gxf5 23. exf5 e5 24. f6 Bxf6 25. Nf5 Qd7 26. Nde3 Nxe3 27. Qxe3 Rg8 28. Re2 Rg6 29. d4 Qe6 30. dxe5 dxe5 31. h3 Qd5 32. Rf3 Qd1 33. Rg3 Rxg3 34. Nxg3 Rd3 35. Qa7 Rxg3 36. Qb8+ Ke7 37. Qxb7+ Kf8 38. Qxb4+ Kg7 39. Qe4 Qd3 40. Bh2 Qxe4 41. Rxe4 Rg5 42. g4 hxg4 43. hxg4 Kh7 44. Re3 1/2-1/2

[Event "CAN-op"]
[Site "Montreal CAN"]
[Date "2014.07.20"]
[Round "3"]
[White "Hansen, Eric"]
[Black "Fedorowicz, John"]
[Result "1/2-1/2"]
[WhiteElo "2596"]
[BlackElo "2422"]
[PlyCount "58"]
[GameId "2160767909061283"]
[EventDate "2014.07.19"]
[EventType "swiss"]
[EventRounds "9"]
[EventCountry "CAN"]
[SourceTitle "CBM 161 Extra"]
[Source "ChessBase"]
[SourceDate "2014.08.29"]
[SourceVersion "1"]
[SourceVersionDate "2014.08.29"]
[SourceQuality "1"]

1. e4 c5 2. Nf3 d6 3. Bb5+ Bd7 4. Bxd7+ Nxd7 5. c4 Ngf6 6. Nc3 e6 7. O-O Ne5 8. Nxe5 dxe5 9. d3 Be7 10. f4 O-O 11. fxe5 Nd7 12. Bf4 Bg5 13. g3 Be7 14. h4 Qb8 15. Kg2 Nxe5 16. Qh5 Bf6 17. Rad1 g6 18. Qe2 h5 19. g4 hxg4 20. h5 g5 21. Bg3 Qd8 22. Qe3 Nf3 23. e5 Be7 24. Ne4 Qd4 25. Qxd4 Nxd4 26. Nf2 Nf5 27. Nxg4 Kh7 28. Bf2 Rad8 29. Kf3 b6 1/2-1/2

[Event "CAN-op"]
[Site "Montreal CAN"]
[Date "2014.07.21"]
[Round "4"]
[White "Gerzhoy, Leonid"]
[Black "Hansen, Eric"]
[Result "0-1"]
[WhiteElo "2481"]
[BlackElo "2596"]
[PlyCount "80"]
[GameId "2160767739316916"]
[EventDate "2014.07.19"]
[EventType "swiss"]
[EventRounds "9"]
[EventCountry "CAN"]
[WhiteClock "0:00:30"]
[BlackClock "0:00:02"]

1. d4 Nf6 2. c4 e6 3. Nc3 Bb4 4. e3 O-O 5. Bd3 d5 6. a3 Bxc3+ 7. bxc3 c5 8. cxd5 exd5 9. Ne2 b6 10. O-O Ba6 11. f3 Bxd3 12. Qxd3 Re8 13. Ng3 Nc6 14. Bb2 h5 15. Rae1 Ne7 16. e4 h4 17. Nh1 Qd7 18. e5 Nh5 19. f4 g6 20. Qf3 cxd4 21. cxd4 Rac8 22. g4 hxg3 23. hxg3 f5 24. Re2 Rc6 25. Rg2 Rec8 26. Nf2 Rc2 27. g4 fxg4 28. Nxg4 Rxg2+ 29. Qxg2 Nf5 30. Rf2 Kg7 31. Qf3 Qe6 32. Rh2 Rf8 33. Qh3 Nfg3 34. Nf6 Ne2+ 35. Kf2 Nexf4 36. Qh4 Qf5 37. Ke1 Qb1+ 38. Bc1 Qxc1+ 39. Kf2 Qd2+ 40. Kf1 Qd1+ 0-1

[Event "CAN-op"]
[Site "Montreal CAN"]
[Date "2014.07.22"]
[Round "5"]
[White "Hansen, Eric"]
[Black "Moradiabadi, Elshan"]
[Result "1/2-1/2"]
[WhiteElo "2596"]
[BlackElo "2593"]
[PlyCount "60"]
[GameId "2160767739316921"]
[EventDate "2014.07.19"]
[EventType "swiss"]
[EventRounds "9"]
[EventCountry "CAN"]
[WhiteClock "0:00:14"]
[BlackClock "0:00:15"]

1. e4 e5 2. Nf3 Nc6 3. Bb5 Nf6 4. d3 Bc5 5. O-O Nd4 6. Nxd4 Bxd4 7. c3 Bb6 8. Na3 c6 9. Ba4 O-O 10. Bg5 h6 11. Bh4 d6 12. Nc4 g5 13. Bg3 Bg4 14. Qd2 Be6 15. Ne3 Ng4 16. Nxg4 Bxg4 17. d4 Qe7 18. Bc2 Rad8 19. a4 a5 20. Kh1 Be6 21. f3 f6 22. Bf2 Bf7 23. Qe2 exd4 24. Bxd4 Bxd4 25. cxd4 d5 26. Qf2 Kg7 27. b3 dxe4 28. fxe4 Bg6 29. Rfe1 Qb4 30. Rad1 Rd7 1/2-1/2

[Event "CAN-op"]
[Site "Montreal CAN"]
[Date "2014.07.23"]
[Round "6"]
[White "Cao, Jason"]
[Black "Hansen, Eric"]
[Result "0-1"]
[WhiteElo "2177"]
[BlackElo "2596"]
[PlyCount "74"]
[GameId "2160767909069525"]
[EventDate "2014.07.19"]
[EventType "swiss"]
[EventRounds "9"]
[EventCountry "CAN"]
[SourceTitle "CBM 161 Extra"]
[Source "ChessBase"]
[SourceDate "2014.08.29"]
[SourceVersion "1"]
[SourceVersionDate "2014.08.29"]
[SourceQuality "1"]

1. e4 c5 2. Nf3 e6 3. d4 cxd4 4. Nxd4 a6 5. Bd3 Bc5 6. Nb3 Be7 7. O-O d6 8. Qg4 g6 9. Qe2 Nd7 10. a4 b6 11. Na3 Ne5 12. Nc4 Nxc4 13. Bxc4 Bb7 14. f4 Qc7 15. f5 gxf5 16. exf5 e5 17. f6 d5 18. fxe7 dxc4 19. Nd2 Nxe7 20. Nxc4 Rg8 21. Rf2 f6 22. Be3 Nd5 23. a5 bxa5 24. Nxa5 Rg6 25. Nxb7 Qxb7 26. c4 Nxe3 27. Qxe3 Rc8 28. c5 Qc6 29. b4 Rb8 30. Rb2 Rxb4 31. Rd2 Rd4 32. Raa2 Rgg4 33. Rxd4 Rxd4 34. Rc2 Qa4 35. Rc1 Rd1+ 36. Kf2 Qh4+ 37. Kf3 e4+ 0-1

[Event "CAN-op"]
[Site "Montreal CAN"]
[Date "2014.07.24"]
[Round "7"]
[White "Hansen, Eric"]
[Black "Tiviakov, Sergei"]
[Result "1/2-1/2"]
[WhiteElo "2596"]
[BlackElo "2656"]
[PlyCount "98"]
[GameId "2160767909069551"]
[EventDate "2014.07.19"]
[EventType "swiss"]
[EventRounds "9"]
[EventCountry "CAN"]
[SourceTitle "hb 2014"]

1. e4 d5 2. exd5 Qxd5 3. Nc3 Qd6 4. d4 Nf6 5. Nf3 c6 6. g3 Bg4 7. Bg2 e6 8. h3 Bh5 9. O-O Be7 10. Ne2 O-O 11. c3 Qc7 12. Nf4 Bxf3 13. Qxf3 Nbd7 14. Nd3 Rac8 15. Be3 Nd5 16. Bd2 Bf6 17. Rfe1 Rfd8 18. Qe2 a5 19. a4 b6 20. Nf4 Nf8 21. h4 Qd7 22. Kh2 Nxf4 23. Bxf4 Ng6 24. Be3 Ne7 25. Rad1 Nd5 26. Bc1 b5 27. Be4 g6 28. Qf3 Bg7 29. Bc2 Qe7 30. Kg2 h6 31. Re2 Qf6 32. Qg4 b4 33. c4 Ne7 34. Be3 b3 35. Bxb3 Nf5 36. d5 Rb8 37. Rd3 cxd5 38. cxd5 exd5 39. Bxd5 Rb4 40. Qf3 Nxe3+ 41. Qxe3 Rd4 42. Rxd4 Qxd4 43. Qxd4 Bxd4 44. Bc4 Kf8 45. b3 Rd6 46. Rd2 Ke7 47. Re2+ Kf8 48. Re4 Bc3 49. Rf4 Rf6 1/2-1/2

[Event "CAN-op"]
[Site "Montreal CAN"]
[Date "2014.07.25"]
[Round "8"]
[White "Ghaem Maghami, Ehsan"]
[Black "Hansen, Eric"]
[Result "1-0"]
[WhiteElo "2586"]
[BlackElo "2596"]
[PlyCount "61"]
[GameId "2160767909069572"]
[EventDate "2014.07.19"]
[EventType "swiss"]
[EventRounds "9"]
[EventCountry "CAN"]
[SourceTitle "hb 2014"]

1. d4 Nf6 2. c4 g6 3. Nc3 d5 4. cxd5 Nxd5 5. Bd2 Bg7 6. e4 Nb6 7. Be3 O-O 8. h3 e5 9. d5 c6 10. Qb3 cxd5 11. exd5 Na6 12. Rd1 e4 13. Bb5 Nc7 14. Nge2 Nxb5 15. Nxb5 Bd7 16. Nec3 Bxb5 17. Nxb5 Nd7 18. O-O a6 19. Nc3 Re8 20. d6 Bxc3 21. bxc3 b5 22. c4 bxc4 23. Qxc4 Qf6 24. Rd4 Qf5 25. Rc1 Ne5 26. Qd5 Nd3 27. Rc7 Ne5 28. Re7 Rad8 29. Qxe4 f6 30. Rxe8+ Rxe8 31. f4 1-0

[Event "CAN-op"]
[Site "Montreal CAN"]
[Date "2014.07.26"]
[Round "9"]
[White "Hansen, Eric"]
[Black "Kovalyov, Anton"]
[Result "1/2-1/2"]
[WhiteElo "2596"]
[BlackElo "2636"]
[PlyCount "38"]
[GameId "2160767909069592"]
[EventDate "2014.07.19"]
[EventType "swiss"]
[EventRounds "9"]
[EventCountry "CAN"]
[SourceTitle "hb 2014"]

1. e4 c5 2. Nf3 e6 3. d4 cxd4 4. Nxd4 Nc6 5. Nc3 Qc7 6. Be3 a6 7. Qd2 Nf6 8. O-O-O Be7 9. f3 h5 10. Kb1 b5 11. Qe1 d6 12. Nxc6 Qxc6 13. Bd3 Rb8 14. Qg3 h4 15. Qxg7 Rh7 16. Qg5 Rh5 17. Qg7 Rh7 18. Qg5 Rh5 19. Qg7 Rh7 1/2-1/2

[Event "CAN-op"]
[Site "Ottawa CAN"]
[Date "2013.07.13"]
[Round "1"]
[White "Adriaanse, Adam"]
[Black "Hansen, Eric"]
[Result "0-1"]
[WhiteElo "1924"]
[BlackElo "2587"]
[PlyCount "54"]
[GameId "2160767909305414"]
[EventDate "2013.07.13"]
[EventType "swiss"]
[EventRounds "9"]
[EventCountry "CAN"]

1. d4 Nf6 2. c4 g6 3. Nc3 d5 4. Nf3 Bg7 5. cxd5 Nxd5 6. e4 Nxc3 7. bxc3 c5 8. Be3 Qa5 9. Qd2 O-O 10. Be2 Nc6 11. O-O cxd4 12. Nxd4 Nxd4 13. Bxd4 e5 14. Be3 Be6 15. Qb2 Qc7 16. Rfd1 b6 17. a4 Rab8 18. a5 bxa5 19. Qa3 Bb3 20. Rdb1 a4 21. Qc5 Qxc5 22. Bxc5 Rfc8 23. Bb4 Bf8 24. Ba5 Bc2 25. Rxb8 Rxb8 26. f3 Rb1+ 27. Rxb1 Bxb1 0-1

[Event "CAN-op"]
[Site "Ottawa CAN"]
[Date "2013.07.14"]
[Round "2"]
[White "Hansen, Eric"]
[Black "Babb, Jeff"]
[Result "1-0"]
[WhiteElo "2581"]
[BlackElo "2149"]
[PlyCount "103"]
[GameId "2160767909313628"]
[EventDate "2013.07.13"]
[EventType "swiss"]
[EventRounds "9"]
[EventCountry "CAN"]
[SourceTitle "CBM 155 Extra"]
[Source "ChessBase"]
[SourceDate "2013.08.26"]
[SourceVersion "1"]
[SourceVersionDate "2013.08.26"]
[SourceQuality "1"]

1. e4 e5 2. Nf3 Nc6 3. Bb5 a6 4. Ba4 Nf6 5. O-O Nxe4 6. d4 b5 7. Bb3 d5 8. dxe5 Be6 9. c3 Bc5 10. Nbd2 O-O 11. Bc2 Bf5 12. Nb3 Bg6 13. Nfd4 Bxd4 14. cxd4 a5 15. Be3 a4 16. Nc1 a3 17. b3 b4 18. Nd3 f6 19. Qg4 f5 20. Qf4 Bh5 21. h4 Nc3 22. Rfe1 Ne2+ 23. Rxe2 Bxe2 24. Nc5 Qe7 25. f3 g6 26. Qh6 Rae8 27. Re1 Bb5 28. h5 Qg7 29. Qg5 Nd8 30. Bd2 Nc6 31. Be3 Nd8 32. Qh4 Ne6 33. Nxe6 Rxe6 34. Bd2 c5 35. dxc5 Rxe5 36. Qxb4 Rxe1+ 37. Bxe1 Qa1 38. Kh2 Qe5+ 39. f4 Qe2 40. h6 Re8 41. Bd2 Bc6 42. Qd4 Qe7 43. Kg1 Kf7 44. Bd3 Qf6 45. Qxf6+ Kxf6 46. Bc3+ Ke6 47. Kf2 Kd7 48. Be5 Ba4 49. bxa4 Ra8 50. Bb5+ Kc8 51. Ke3 Ra5 52. Kd4 1-0

[Event "CAN-op"]
[Site "Ottawa CAN"]
[Date "2013.07.14"]
[Round "3"]
[White "Song, Michael"]
[Black "Hansen, Eric"]
[Result "0-1"]
[WhiteElo "2390"]
[BlackElo "2581"]
[PlyCount "54"]
[GameId "2160767909313652"]
[EventDate "2013.07.13"]
[EventType "swiss"]
[EventRounds "9"]
[EventCountry "CAN"]
[SourceTitle "CBM 155 Extra"]
[Source "ChessBase"]
[SourceDate "2013.08.26"]
[SourceVersion "1"]
[SourceVersionDate "2013.08.26"]
[SourceQuality "1"]

1. d4 Nf6 2. c4 g6 3. Nc3 d5 4. Nf3 Bg7 5. Qb3 dxc4 6. Qxc4 O-O 7. e4 Bg4 8. Be3 Nfd7 9. O-O-O Nb6 10. Qc5 e5 11. d5 N8d7 12. Qa3 Nc8 13. h3 Bxf3 14. gxf3 a6 15. h4 h5 16. f4 exf4 17. Bxf4 Nd6 18. Bg5 Qe8 19. f3 b5 20. Nb1 Nb6 21. b3 f5 22. exf5 Rxf5 23. Bh3 Rxd5 24. Rxd5 Nxd5 25. Qc5 Qe5 26. Qc2 Kh7 27. Rg1 Nb4 0-1

[Event "CAN-op"]
[Site "Ottawa CAN"]
[Date "2013.07.16"]
[Round "5"]
[White "Short, Nigel"]
[Black "Hansen, Eric"]
[Result "1/2-1/2"]
[WhiteElo "2688"]
[BlackElo "2581"]
[PlyCount "176"]
[GameId "2160767909313685"]
[EventDate "2013.07.13"]
[EventType "swiss"]
[EventRounds "9"]
[EventCountry "CAN"]
[SourceTitle "CBM 155 Extra"]
[Source "ChessBase"]
[SourceDate "2013.08.26"]
[SourceVersion "1"]
[SourceVersionDate "2013.08.26"]
[SourceQuality "1"]

1. e4 e5 2. Nf3 Nc6 3. Nc3 Nf6 4. d4 exd4 5. Nxd4 Bb4 6. Nxc6 bxc6 7. Bd3 d5 8. exd5 O-O 9. O-O cxd5 10. h3 c6 11. Qf3 Bd6 12. Bf4 Rb8 13. b3 Qc7 14. Bxd6 Qxd6 15. Rad1 Re8 16. Na4 Be6 17. Rfe1 c5 18. Bf5 Bxf5 19. Qxf5 g6 20. Qf3 Nd7 21. Re2 Rxe2 22. Qxe2 Nb6 23. Nb2 Qf6 24. c4 dxc4 25. Nxc4 Nxc4 26. Qxc4 Qe5 27. g3 Rb4 28. Qd5 Qe2 29. Rd2 Qe1+ 30. Kg2 Re4 31. Rd3 Re5 32. Qc4 Rf5 33. Rd8+ Kg7 34. Qc2 Qe7 35. Qc3+ Rf6 36. Rd2 Qe4+ 37. f3 Qb4 38. Rc2 Qxc3 39. Rxc3 Ra6 40. a4 Rb6 41. g4 Kf6 42. Rxc5 Rxb3 43. Rc7 a6 44. Rc6+ Kg7 45. Rxa6 g5 46. Ra5 h6 47. Rf5 Ra3 48. a5 Ra2+ 49. Kg3 Kg6 50. h4 f6 51. h5+ Kg7 52. Rb5 Kg8 53. Rb8+ Kg7 54. Rb7+ Kg8 55. Ra7 Kh8 56. Ra8+ Kg7 57. Ra7+ Kh8 58. Rf7 Rxa5 59. Rxf6 Kg7 60. Rg6+ Kh7 61. Re6 Ra2 62. Re1 Kg7 63. Rf1 Ra3 64. Rf2 Rb3 65. Rd2 Ra3 66. Kf2 Ra7 67. Rd4 Re7 68. Re4 Ra7 69. Re6 Ra3 70. Ke2 Rb3 71. Re7+ Kg8 72. Rd7 Ra3 73. Rd3 Ra6 74. Ke3 Re6+ 75. Kd4 Re7 76. Rc3 Kg7 77. Rc8 Rf7 78. Ke4 Rf4+ 79. Ke3 Rf7 80. Re8 Ra7 81. Ke4 Ra4+ 82. Kd5 Ra5+ 83. Ke6 Ra6+ 84. Kf5 Rf6+ 85. Ke4 Rf4+ 86. Ke3 Ra4 87. Re7+ Kg8 88. Rd7 Rf4 1/2-1/2